<?xml version="1.0" encoding="UTF-8"?><?xml-stylesheet type="text/xsl" href="static/style.xsl"?><OAI-PMH xmlns="http://www.openarchives.org/OAI/2.0/" xmlns:xsi="http://www.w3.org/2001/XMLSchema-instance" xsi:schemaLocation="http://www.openarchives.org/OAI/2.0/ http://www.openarchives.org/OAI/2.0/OAI-PMH.xsd"><responseDate>2026-04-27T21:22:21Z</responseDate><request verb="GetRecord" identifier="oai:uvadoc.uva.es:10324/70899" metadataPrefix="marc">https://uvadoc.uva.es/oai/request</request><GetRecord><record><header><identifier>oai:uvadoc.uva.es:10324/70899</identifier><datestamp>2025-02-20T10:42:14Z</datestamp><setSpec>com_10324_38</setSpec><setSpec>col_10324_852</setSpec></header><metadata><record xmlns="http://www.loc.gov/MARC21/slim" xmlns:doc="http://www.lyncode.com/xoai" xmlns:xsi="http://www.w3.org/2001/XMLSchema-instance" xmlns:dcterms="http://purl.org/dc/terms/" xsi:schemaLocation="http://www.loc.gov/MARC21/slim http://www.loc.gov/standards/marcxml/schema/MARC21slim.xsd">
<leader>00925njm 22002777a 4500</leader>
<datafield tag="042" ind1=" " ind2=" ">
<subfield code="a">dc</subfield>
</datafield>
<datafield tag="720" ind1=" " ind2=" ">
<subfield code="a">Soto Hernández, Carmen</subfield>
<subfield code="e">author</subfield>
</datafield>
<datafield tag="260" ind1=" " ind2=" ">
<subfield code="c">2024</subfield>
</datafield>
<datafield tag="520" ind1=" " ind2=" ">
<subfield code="a">Este Trabajo Fin de Grado pretende profundizar en las posibles relaciones existentes entre&#xd;
la arquitectura y la moda, concentrando el estudio en la utilización de espacios arquitectónicos&#xd;
relevantes para la elaboración de las campañas publicitarias por parte de las&#xd;
marcas, recurriendo, en concreto, al empleo de la Muralla Roja de Taller de Arquitectura&#xd;
como “fondo”.&#xd;
Considerándolo un espacio que se muestra como un reclamo para la realización de estrategias&#xd;
de publicidad por parte de una extensa variedad de firmas, en especial de origen&#xd;
nacional, este presenta en su interior abundantes y distintivos lugares con expresivos&#xd;
colores. Analizaremos aquí la capacidad por parte de las marcas de adaptar los espacios&#xd;
presentes y su colorimetría a los ideales representativos de cada firma, lo que nos permitirá&#xd;
establecer una clasificación de los emplazamientos más destacables y la facilidad&#xd;
de reconocimiento de estos por parte del receptor con independencia del tratamiento&#xd;
desarrollado por las empresas</subfield>
</datafield>
<datafield tag="520" ind1=" " ind2=" ">
<subfield code="a">This Final Degree Project aims to delve into the possible relationships between architecture&#xd;
and fashion, concentrating the study on the use of relevant architectural spaces for&#xd;
the development of advertising campaigns by brands, resorting, specifically, to the use of&#xd;
the Red Wall of Taller de Arquitectura as a “background”.&#xd;
Considering it a space that is shown as a claim for the implementation of advertising&#xd;
strategies by a wide variety of firms, especially of national origin, it presents abundant&#xd;
and distinctive places with expressive colors inside. Here we will analyze the ability of the&#xd;
brands to adapt the present spaces and their colorimetry to the representative ideals of&#xd;
each firm, which will allow us to establish a classification of the most notable locations and&#xd;
the ease of recognition of these by the recipient independently. of the treatment developed&#xd;
by the companies</subfield>
</datafield>
<datafield tag="024" ind2=" " ind1="8">
<subfield code="a">https://uvadoc.uva.es/handle/10324/70899</subfield>
</datafield>
<datafield ind1=" " ind2=" " tag="653">
<subfield code="a">Ricardo Bofill Taller de Arquitectura. Muralla Roja</subfield>
</datafield>
<datafield ind1=" " ind2=" " tag="653">
<subfield code="a">Moda en la arquitectura</subfield>
</datafield>
<datafield ind1=" " ind2=" " tag="653">
<subfield code="a">Publicidad-Moda</subfield>
</datafield>
<datafield tag="245" ind1="0" ind2="0">
<subfield code="a">Geometría, color y espacio: Análisis de escenas de moda en la Muralla Roja de Taller de Arquitectura</subfield>
</datafield>
</record></metadata></record></GetRecord></OAI-PMH>